[Event "Int. Stuttgarter Stadtmeisterschaft B"]
[Site "Ditzingen"]
[Date "2012.05.17"]
[Round "1.1"]
[White "Triantafillidis, Zoe"]
[Black "Engelhardt, Frank"]
[Result "1/2-1/2"]
[WhiteElo "1691"]
[BlackElo "1892"]
[PlyCount "45"]
[EventDate "2012.??.??"]

1. e4 c5 2. Nf3 Nc6 3. d4 cxd4 4. Nxd4 e6 5. Nc3 a6 6. Nxc6 bxc6 7. Bc4 d5 8.
exd5 exd5 9. Bb3 Bd6 10. Ba4 Bd7 11. O-O Ne7 12. h3 O-O 13. Ne4 Be5 14. Nc5 Bf5
15. Qe2 Bf6 16. c3 a5 17. g4 Qd6 18. Be3 Bc8 19. Nd3 Ba6 20. g5 Bxg5 21. Bxg5
Qg6 22. Qxe7 Bxd3 23. Rfe1 1/2-1/2

[Event "Int. Stuttgarter Stadtmeisterschaft B"]
[Site "Ditzingen"]
[Date "2012.05.17"]
[Round "1.2"]
[White "Hamm, Lukas"]
[Black "Gheng, Hannelore"]
[Result "1-0"]
[WhiteElo "1890"]
[BlackElo "1691"]
[PlyCount "93"]
[EventDate "2012.??.??"]

1. e4 c5 2. Nf3 d6 3. d4 cxd4 4. Nxd4 Nf6 5. Nc3 g6 6. Be2 Bg7 7. O-O O-O 8.
Be3 Nc6 9. h3 a6 10. Qd2 Qc7 11. Nb3 b5 12. a3 Bb7 13. Bh6 Rfd8 14. Bxg7 Kxg7
15. Rad1 Ne5 16. f3 d5 17. exd5 Nxd5 18. Nxd5 Bxd5 19. Nd4 Rd6 20. Qe3 Nc6 21.
c3 Nxd4 22. Rxd4 Re6 23. Qf2 Qe5 24. Bd3 f5 25. f4 Qd6 26. c4 bxc4 27. Bxc4 Qc5
28. b4 Qb6 29. Rxd5 Qxf2+ 30. Rxf2 Rc8 31. Rc5 Rxc5 32. Bxe6 Rc6 33. Bd5 Rd6
34. Bb7 Kf6 35. a4 Rb6 36. Bxa6 Rxa6 37. Ra2 Ke6 38. a5 Kd5 39. b5 Ra8 40. b6
Kc6 41. Kf2 Kb7 42. Ke3 Ka6 43. Kd4 Rd8+ 44. Kc5 e6 45. Kc6 Rc8+ 46. Kd7 Rc4
47. Rb2 1-0

[Event "Int. Stuttgarter Stadtmeisterschaft B"]
[Site "Ditzingen"]
[Date "2012.05.17"]
[Round "1.3"]
[White "Gheng, Christian"]
[Black "Hartmann, Lorenz"]
[Result "0-1"]
[WhiteElo "1686"]
[BlackElo "1887"]
[PlyCount "48"]
[EventDate "2012.??.??"]

1. e4 g6 2. d4 Bg7 3. Nf3 d6 4. Bc4 Nf6 5. Nc3 O-O 6. h3 c5 7. Be3 cxd4 8. Nxd4
Nc6 9. Qd2 Re8 10. O-O-O Nxd4 11. Bxd4 a6 12. g4 b5 13. Bd5 Nxd5 14. Nxd5 Bb7
15. Bb6 Qd7 16. Nc7 Rec8 17. Qa5 Bxe4 18. Rhe1 Qc6 19. c3 Rab8 20. Bd4 e5 21.
Be3 Rxc7 22. Qb4 d5 23. f4 d4 24. Bd2 Bf3 0-1

[Event "Int. Stuttgarter Stadtmeisterschaft B"]
[Site "Ditzingen"]
[Date "2012.05.17"]
[Round "1.4"]
[White "Schmidt, Max"]
[Black "Boschmann, Werner"]
[Result "0-1"]
[WhiteElo "1879"]
[BlackElo "1686"]
[PlyCount "104"]
[EventDate "2012.??.??"]

1. d4 Nf6 2. Nf3 g6 3. c4 Bg7 4. Nc3 O-O 5. e4 d6 6. h3 e5 7. dxe5 dxe5 8. Qxd8
Rxd8 9. Bg5 Re8 10. O-O-O Be6 11. Nxe5 Nxe4 12. Nxe4 Bxe5 13. Nf6+ Bxf6 14.
Bxf6 Nd7 15. Bc3 Nc5 16. b4 Ne4 17. Be1 Rad8 18. f3 Rxd1+ 19. Kxd1 Nd6 20. c5
Nf5 21. g4 Ne3+ 22. Kd2 Nxf1+ 23. Rxf1 Bxa2 24. Bg3 Bc4 25. Ra1 a6 26. Bxc7
Re2+ 27. Kc3 Bd5 28. Kd3 Rf2 29. Kd4 Bc6 30. f4 Rf3 31. h4 Rh3 32. Re1 Rxh4 33.
Re7 Rxg4 34. Ke5 Kg7 35. Bd6 h5 36. Rc7 h4 37. Kd4 g5 38. Ke3 Rg3+ 39. Kf2 Rg2+
40. Kf1 h3 41. Be5+ Kg6 42. fxg5 Kf5 43. Bd6 h2 44. Bxh2 Rxh2 45. Rxf7+ Kg6 46.
Rf4 Kxg5 47. Rd4 Rh4 48. Rd2 Rxb4 49. Rc2 Kf5 50. Ke2 Ke4 51. Kd2 Kd4 52. Kc1
Rc4 0-1

[Event "Int. Stuttgarter Stadtmeisterschaft B"]
[Site "Ditzingen"]
[Date "2012.05.17"]
[Round "1.5"]
[White "Weisensel, Wolfgang"]
[Black "Mavropoulos, Georgios"]
[Result "0-1"]
[WhiteElo "1685"]
[BlackElo "1872"]
[PlyCount "42"]
[EventDate "2012.??.??"]

1. b3 c5 2. c4 Nf6 3. Nf3 d5 4. cxd5 Nxd5 5. Bb2 Bf5 6. a3 Nc6 7. d3 Nc7 8. g3
f6 9. Bg2 e5 10. O-O Be7 11. Nbd2 O-O 12. Nc4 Qd7 13. Ne3 Bh3 14. Nc2 Rad8 15.
Rc1 Rfe8 16. Qe1 Bf8 17. Nd2 Bxg2 18. Kxg2 f5 19. Nc4 Qd5+ 20. Kg1 e4 21. N4e3
Qxb3 0-1

[Event "Int. Stuttgarter Stadtmeisterschaft B"]
[Site "Ditzingen"]
[Date "2012.05.17"]
[Round "1.6"]
[White "Helfrich, Leo"]
[Black "Weber, Sandra"]
[Result "1-0"]
[WhiteElo "1871"]
[BlackElo "1617"]
[PlyCount "117"]
[EventDate "2012.??.??"]

1. d4 Nf6 2. c4 g6 3. Nc3 Bg7 4. e4 d6 5. f3 Nbd7 6. Bg5 c5 7. d5 O-O 8. Qd2 a6
9. Bh6 Rb8 10. Bxg7 Kxg7 11. a4 Nb6 12. Be2 Qd7 13. g4 e5 14. Nh3 Qe7 15. Nf2
Rh8 16. h4 h5 17. g5 Nh7 18. a5 Na8 19. Nd3 b6 20. Rf1 b5 21. cxb5 axb5 22. b4
c4 23. Nb2 Nc7 24. Nbd1 Na6 25. Rb1 Rb7 26. Ne3 Rf8 27. f4 exf4 28. Rxf4 Qe5
29. Nc2 Kg8 30. Nd4 Bh3 31. Nc6 Qe8 32. Qe3 Bd7 33. Nd4 Qe7 34. Kd2 Be8 35. Nc2
Nc7 36. Rbf1 Na6 37. Qd4 Nc7 38. Nd1 Na6 39. Nde3 Rc7 40. Kc3 Bd7 41. Ne1 Qe5
42. Qxe5 dxe5 43. R4f2 Bc8 44. Nf3 Re8 45. Rd1 Rd7 46. d6 Bb7 47. Nd5 Re6 48.
Nb6 Rd8 49. d7 Bxe4 50. Bf1 Nf8 51. Bh3 Re7 52. Rd6 Nb8 53. Nd2 Bd3 54. Nd5
Rexd7 55. Bxd7 Nfxd7 56. Nf6+ Kf8 57. a6 Ke7 58. Nfe4 Nf8 59. Rxd8 1-0

[Event "Int. Stuttgarter Stadtmeisterschaft B"]
[Site "Ditzingen"]
[Date "2012.05.17"]
[Round "1.7"]
[White "Tsybulevsky, Juri"]
[Black "Schömbs, Oliver"]
[Result "0-1"]
[WhiteElo "1676"]
[BlackElo "1865"]
[PlyCount "64"]
[EventDate "2012.??.??"]

1. d4 Nf6 2. c4 c5 3. e3 g6 4. Nc3 Bg7 5. Nf3 O-O 6. g3 a6 7. Bg2 Qc7 8. d5 d6
9. O-O Nbd7 10. a4 b6 11. Qc2 Bb7 12. Bd2 Rfb8 13. e4 Ne8 14. Rae1 Bc8 15. b3
Qd8 16. Nh4 Nc7 17. f4 b5 18. axb5 axb5 19. Ra1 Rxa1 20. Rxa1 b4 21. Re1 bxc3
22. Bxc3 Ne8 23. e5 dxe5 24. fxe5 Qb6 25. e6 Ndf6 26. exf7+ Kxf7 27. Qe2 Bf8
28. Nf3 Qxb3 29. Ba5 Qa3 30. Bd8 Rb2 31. Nd2 Qa2 32. Rd1 Bg4 0-1

[Event "Int. Stuttgarter Stadtmeisterschaft B"]
[Site "Ditzingen"]
[Date "2012.05.17"]
[Round "1.8"]
[White "Dölker, Kai"]
[Black "Ludwig, Siegfried"]
[Result "1-0"]
[WhiteElo "1865"]
[BlackElo "1674"]
[PlyCount "73"]
[EventDate "2012.??.??"]

1. d4 d5 2. Nf3 Nf6 3. Bf4 Nc6 4. e3 a6 5. c4 e6 6. Nc3 Bd6 7. Bg3 O-O 8. Be2
b6 9. O-O Ne4 10. cxd5 Nxc3 11. bxc3 exd5 12. Qb3 Ne7 13. Rfc1 Bxg3 14. hxg3
Bg4 15. Bd3 Bxf3 16. gxf3 c6 17. Rab1 b5 18. Kg2 Qd6 19. Qb4 Qf6 20. e4 Ng6 21.
Re1 Qg5 22. Re3 Nf4+ 23. Kf1 Nxd3 24. Rxd3 Qg6 25. Re3 a5 26. Qc5 Rae8 27. Rbe1
Qh6 28. Kg2 f5 29. exd5 Rxe3 30. Rxe3 f4 31. Re6 Qg5 32. Re5 Qg6 33. Qxc6 Qf7
34. Qe6 Qxe6 35. dxe6 b4 36. cxb4 axb4 37. Rb5 1-0

[Event "Int. Stuttgarter Stadtmeisterschaft B"]
[Site "Ditzingen"]
[Date "2012.05.17"]
[Round "1.9"]
[White "Muench, Werner"]
[Black "Lebeda, Lukas"]
[Result "1/2-1/2"]
[WhiteElo "1862"]
[BlackElo "1672"]
[PlyCount "38"]
[EventDate "2012.??.??"]

1. d4 d5 2. c4 c6 3. Nf3 Nf6 4. g3 g6 5. Bg2 Bg7 6. O-O O-O 7. Nc3 Bf5 8. b3
Ne4 9. Bb2 Nd7 10. Nh4 Nxc3 11. Bxc3 Be6 12. cxd5 cxd5 13. Nf3 b5 14. Ng5 Qb6
15. Nxe6 Qxe6 16. Qd3 a6 17. Rac1 Qd6 18. Rfe1 e6 19. f3 Nb6 1/2-1/2

[Event "Int. Stuttgarter Stadtmeisterschaft B"]
[Site "Ditzingen"]
[Date "2012.05.17"]
[Round "1.10"]
[White "Kuhn, Magnus"]
[Black "Kohler, Manuel"]
[Result "0-1"]
[WhiteElo "1658"]
[BlackElo "1860"]
[PlyCount "68"]
[EventDate "2012.??.??"]

1. e4 d5 2. exd5 Nf6 3. Nf3 Bg4 4. Be2 Nxd5 5. d4 Nc6 6. O-O e6 7. a3 Be7 8.
Qd3 O-O 9. c4 Nb6 10. Be3 Bf6 11. Rd1 Qe7 12. d5 Bxf3 13. gxf3 exd5 14. cxd5
Ne5 15. Qc2 Qd7 16. f4 Ng6 17. Bf3 Nh4 18. Be4 Nc4 19. Nc3 Rfe8 20. Kh1 Qh3 21.
Rg1 Nxe3 22. fxe3 Bxc3 23. Qxc3 g6 24. Rg3 Qd7 25. Qd4 Rad8 26. Rag1 c6 27.
dxc6 Qxd4 28. exd4 Rxe4 29. c7 Rc8 30. Rc1 Rxd4 31. Re3 Rxc7 32. Rce1 Rxf4 33.
Kg1 Rc2 34. R1e2 Nf3+ 0-1

[Event "Int. Stuttgarter Stadtmeisterschaft B"]
[Site "Ditzingen"]
[Date "2012.05.17"]
[Round "1.11"]
[White "Stadler, Marcus"]
[Black "Stoll, Katja"]
[Result "0-1"]
[WhiteElo "1856"]
[BlackElo "1645"]
[PlyCount "108"]
[EventDate "2012.??.??"]

1. e4 e6 2. d4 d5 3. Nd2 c5 4. exd5 exd5 5. Ngf3 Nf6 6. Bb5+ Bd7 7. Bxd7+ Nbxd7
8. O-O Be7 9. dxc5 Nxc5 10. b4 Nce4 11. a3 O-O 12. Bb2 Rc8 13. Re1 Nd6 14. Rc1
Re8 15. Ng5 h6 16. Ngf3 Nc4 17. Nxc4 Rxc4 18. Bxf6 gxf6 19. Qd2 Kg7 20. Red1
Qc7 21. Nd4 Qc8 22. Re1 f5 23. Qd3 Rc3 24. Qxf5 Bg5 25. Rxe8 Qxe8 26. Rd1 Qe4
27. h3 Rxa3 28. Qd7 b6 29. Nf5+ Kg6 30. Nd6 Qe6 31. Qxe6+ fxe6 32. Kf1 Rc3 33.
Re1 Kf6 34. Re2 a5 35. bxa5 bxa5 36. Nb5 Rc5 37. Nd4 e5 38. Nb3 Rb5 39. Re1 a4
40. Na1 Bd2 41. Rd1 Bc3 42. Ke2 d4 43. Kd3 Rb2 44. Rf1 Ra2 45. Nb3 axb3 46.
cxb3 Rb2 47. Kc4 e4 48. g4 Ke5 49. f4+ Kf6 50. h4 e3 51. g5+ hxg5 52. fxg5+ Ke7
53. g6 e2 54. Rf7+ Ke6 0-1

[Event "Int. Stuttgarter Stadtmeisterschaft B"]
[Site "Ditzingen"]
[Date "2012.05.17"]
[Round "1.12"]
[White "Mejerski, Stephan"]
[Black "Pocrnic, Josip"]
[Result "0-1"]
[WhiteElo "1652"]
[BlackElo "1855"]
[PlyCount "106"]
[EventDate "2012.??.??"]

1. e4 c5 2. Nf3 d6 3. Nc3 a6 4. d4 cxd4 5. Nxd4 g6 6. Bd3 Bg7 7. Nce2 Nf6 8.
O-O O-O 9. c3 Nbd7 10. Ng3 Qc7 11. Be3 b5 12. Rc1 Bb7 13. b4 Nb6 14. f3 Nc4 15.
Bf2 Bh6 16. Bxc4 Bxc1 17. Bxf7+ Rxf7 18. Qxc1 Qc4 19. Qg5 Kh8 20. e5 dxe5 21.
Qxe5 Qd5 22. Re1 Qxe5 23. Rxe5 Nd7 24. Re2 Kg8 25. Ne6 h6 26. Bd4 Rc8 27. Ne4
Bxe4 28. Rxe4 Nf6 29. Re5 Nd7 30. Rd5 Nb8 31. Bc5 Rf5 32. Rd2 Kf7 33. Nd8+ Kg8
34. Ne6 Kh7 35. Kf2 Kg8 36. Re2 Nc6 37. g4 Re5 38. Nd4 Rxe2+ 39. Kxe2 Nxd4+ 40.
cxd4 Kf7 41. Ke3 Ke6 42. Ke4 h5 43. g5 Rf8 44. h4 Rf5 45. f4 Rf7 46. d5+ Kd7
47. Bd4 e6 48. Be5 Rf8 49. dxe6+ Kxe6 50. Bd4 Rd8 51. Be3 Rd1 52. Bd4 Re1+ 53.
Be3 Ra1 0-1

[Event "Int. Stuttgarter Stadtmeisterschaft B"]
[Site "Ditzingen"]
[Date "2012.05.17"]
[Round "1.13"]
[White "Ellinger, Harald"]
[Black "Debeljak, Anton"]
[Result "1-0"]
[WhiteElo "1854"]
[BlackElo "1650"]
[PlyCount "59"]
[EventDate "2012.??.??"]

1. Nf3 Nf6 2. d4 e6 3. c4 b6 4. Nc3 Bb7 5. a3 Be7 6. e3 O-O 7. Bd3 Ne8 8. Qc2
f5 9. Bd2 Nf6 10. O-O-O a5 11. h3 Na6 12. e4 fxe4 13. Nxe4 Nxe4 14. Bxe4 Bxe4
15. Qxe4 Bf6 16. h4 Qe8 17. Be3 c6 18. Ng5 Bxg5 19. hxg5 Qg6 20. Qxg6 hxg6 21.
Rh4 Nc7 22. Bf4 Ne8 23. Rdh1 b5 24. c5 a4 25. Rh8+ Kf7 26. Rxf8+ Kxf8 27. Rh8+
Ke7 28. Bd6+ Kd8 29. Kd2 Kc8 30. Rxe8+ 1-0

[Event "Int. Stuttgarter Stadtmeisterschaft B"]
[Site "Ditzingen"]
[Date "2012.05.17"]
[Round "1.14"]
[White "Gheng, Dominik"]
[Black "Pudmensky, Stefan"]
[Result "0-1"]
[WhiteElo "1648"]
[BlackElo "1853"]
[PlyCount "128"]
[EventDate "2012.??.??"]

1. e4 c5 2. c4 Nc6 3. Nc3 Nf6 4. e5 Nxe5 5. Nf3 Nxf3+ 6. Qxf3 e6 7. d3 Be7 8.
Be3 O-O 9. Qg3 Re8 10. Be2 d5 11. cxd5 exd5 12. d4 Bd6 13. Qg5 h6 14. Qh4 cxd4
15. Qxd4 Be5 16. Qd2 d4 17. Rd1 Bg4 18. Bxd4 Bxd4 19. Qxd4 Qa5 20. f3 Rad8 21.
Qa4 Qxa4 22. Nxa4 Rxd1+ 23. Kxd1 Bd7 24. Nc5 Bc6 25. Re1 Nd5 26. Bd3 Ne3+ 27.
Kd2 Nxg2 28. Rxe8+ Bxe8 29. Nxb7 Bc6 30. Be4 Bd7 31. Na5 f5 32. Bd5+ Kh7 33.
Bc6 Be6 34. Be8 Bxa2 35. Nc6 a6 36. Bd7 g6 37. Bc8 Bc4 38. Nb4 a5 39. Nc6 a4
40. Ne5 Bd5 41. Bd7 Nh4 42. Ke3 Bb3 43. Nd3 Bd1 44. f4 Ng2+ 45. Kf2 Nh4 46. Nc5
Nf3 47. Kg2 Nd4 48. Bxa4 Ne2 49. Kf2 Bxa4 50. Kxe2 Bb5+ 51. Kf2 g5 52. Kg3 Kg6
53. Ne6 Kf6 54. fxg5+ hxg5 55. Nd4 Ba6 56. Nxf5 Kxf5 57. h4 g4 58. h5 Bc8 59.
h6 Kg6 60. Kh4 Kxh6 61. b4 Kg6 62. b5 Kf5 63. Kg3 Bb7 64. b6 Kg5 0-1

[Event "Int. Stuttgarter Stadtmeisterschaft B"]
[Site "Ditzingen"]
[Date "2012.05.17"]
[Round "1.15"]
[White "Baumeister, Jürgen"]
[Black "Groeger, Michael"]
[Result "1-0"]
[WhiteElo "1850"]
[BlackElo "1635"]
[PlyCount "59"]
[EventDate "2012.??.??"]

1. d4 Nf6 2. c4 d6 3. Nc3 g6 4. e4 Bg7 5. Be2 O-O 6. Bg5 c5 7. d5 Nbd7 8. Qd2
a6 9. a4 Qc7 10. h4 Ne5 11. Ra3 e6 12. h5 exd5 13. Bxf6 Bxf6 14. Nxd5 Qd8 15.
Rg3 Bh4 16. Qh6 Ng4 17. Rxg4 Bxg4 18. hxg6 fxg6 19. Rxh4 Bh5 20. g3 Rf7 21.
Bxh5 gxh5 22. Rxh5 b5 23. Nh3 Raa7 24. Ng5 Rg7 25. Ne6 Qa5+ 26. b4 Qxa4 27. Rf5
Qa1+ 28. Ke2 Qb2+ 29. Kf3 Rgf7 30. Qf8+ 1-0

[Event "Int. Stuttgarter Stadtmeisterschaft B"]
[Site "Ditzingen"]
[Date "2012.05.17"]
[Round "1.16"]
[White "Piskaykin, Bogdan"]
[Black "Viehoff, Jürgen"]
[Result "0-1"]
[WhiteElo "1560"]
[BlackElo "1848"]
[PlyCount "74"]
[EventDate "2012.??.??"]

1. e4 c6 2. d4 d5 3. e5 Bf5 4. h4 h6 5. Nf3 e6 6. c4 Nd7 7. Nc3 Ne7 8. Bd3 Bxd3
9. Qxd3 dxc4 10. Ne4 Nxe5 11. Qe2 Nxf3+ 12. Qxf3 Nf5 13. Be3 Bb4+ 14. Ke2 Nxd4+
15. Bxd4 Qxd4 16. Rab1 Qd3+ 17. Qxd3 cxd3+ 18. Kxd3 O-O-O+ 19. Kc4 Be7 20. b4
b5+ 21. Kc3 f5 22. Ng3 Bf6+ 23. Kc2 Rd4 24. Nh5 Rhd8 25. Nxf6 Rd2+ 26. Kc1 gxf6
27. Re1 e5 28. Rb3 Rxa2 29. f4 e4 30. g4 Ra1+ 31. Rb1 Rxb1+ 32. Kxb1 fxg4 33.
Rxe4 g3 34. Re6 Rd1+ 35. Kc2 g2 36. Kxd1 g1=Q+ 37. Re1 Qd4+ 0-1

[Event "Int. Stuttgarter Stadtmeisterschaft B"]
[Site "Ditzingen"]
[Date "2012.05.17"]
[Round "1.17"]
[White "Michna, Marcus"]
[Black "Graf, Maximilian"]
[Result "1/2-1/2"]
[WhiteElo "1843"]
[BlackElo "1629"]
[PlyCount "22"]
[EventDate "2012.??.??"]

1. d4 d5 2. c4 e6 3. Nc3 c5 4. e3 Nf6 5. Nf3 Nc6 6. a3 b6 7. Bd3 a6 8. O-O Bd6
9. Re1 O-O 10. b3 Re8 11. Bb2 Bb7 1/2-1/2

[Event "Int. Stuttgarter Stadtmeisterschaft B"]
[Site "Ditzingen"]
[Date "2012.05.17"]
[Round "1.18"]
[White "Schreiber, Winfried"]
[Black "Rühl, Volker"]
[Result "1-0"]
[WhiteElo "1628"]
[BlackElo "1842"]
[PlyCount "123"]
[EventDate "2012.??.??"]

1. c4 e5 2. Nc3 Nf6 3. Nf3 Nc6 4. g3 d5 5. cxd5 Nxd5 6. Bg2 Nb6 7. O-O Be7 8.
e3 Bg4 9. h3 Be6 10. d4 exd4 11. exd4 O-O 12. Be3 Qd7 13. Ne5 Nxe5 14. dxe5
Qxd1 15. Rfxd1 Nc4 16. Nd5 Bxd5 17. Rxd5 Nxe3 18. fxe3 Bg5 19. Kf2 Rad8 20.
Rad1 c6 21. Rd7 Rb8 22. h4 Bd8 23. Ke2 Re8 24. Bh3 Kf8 25. Rf1 Re7 26. e6 Rxd7
27. exd7 Ke7 28. g4 Bc7 29. g5 Rf8 30. Kd3 f6 31. gxf6+ Rxf6 32. Rxf6 Kxf6 33.
Ke4 h5 34. Kf3 Ke5 35. b3 Bd8 36. e4 Bxh4 37. Bf5 Be7 38. Bg6 h4 39. Bf5 c5 40.
Ke3 b5 41. Kd3 Bf6 42. a4 a6 43. Ke3 g5 44. Bg4 bxa4 45. bxa4 a5 46. Bf5 c4 47.
Bg4 c3 48. Bf5 Bd8 49. Kd3 Kf4 50. Kxc3 Kg3 51. e5 h3 52. Kd4 h2 53. Be4 Kf4
54. Kd5 g4 55. Bh1 Kf5 56. Kd6 g3 57. e6 Kf6 58. Bd5 Bb6 59. e7 Bc5+ 60. Kxc5
Kxe7 61. Kb5 Kxd7 62. Kxa5 1-0

[Event "Int. Stuttgarter Stadtmeisterschaft B"]
[Site "Ditzingen"]
[Date "2012.05.17"]
[Round "1.19"]
[White "Winkler, Tim"]
[Black "Krebs, Thomas"]
[Result "1-0"]
[WhiteElo "1830"]
[BlackElo "1626"]
[PlyCount "57"]
[EventDate "2012.??.??"]

1. e4 c6 2. d4 d5 3. exd5 cxd5 4. Bd3 Nf6 5. Nf3 e6 6. c3 Bd6 7. Bg5 Nbd7 8.
Nbd2 O-O 9. O-O b6 10. Re1 h6 11. Bh4 Qc7 12. Bg3 Bxg3 13. hxg3 Bb7 14. Ne5 a6
15. Ndf3 b5 16. Nxd7 Nxd7 17. Ne5 Nxe5 18. Rxe5 Qe7 19. Qe2 Qf6 20. a3 g6 21.
Kh2 Kg7 22. Rh1 Rh8 23. Kg1 Rac8 24. Rh4 Rcf8 25. Bxg6 Qd8 26. Bh5 Rh7 27. Rg4+
Kh8 28. Bxf7 Rhxf7 29. Rxe6 1-0

[Event "Int. Stuttgarter Stadtmeisterschaft B"]
[Site "Ditzingen"]
[Date "2012.05.17"]
[Round "1.20"]
[White "Trobonjaca, Milos"]
[Black "Issaad, Pascal"]
[Result "0-1"]
[WhiteElo "1617"]
[BlackElo "1828"]
[PlyCount "83"]
[EventDate "2012.??.??"]

1. Nf3 Nf6 2. d4 d5 3. Bf4 e6 4. Nbd2 c5 5. e3 Nc6 6. Bb5 Bd7 7. O-O Be7 8. c4
O-O 9. a3 a6 10. Bxc6 Bxc6 11. b3 dxc4 12. Nxc4 Bxf3 13. Qxf3 Nd5 14. Bg3 cxd4
15. exd4 Rc8 16. Rfc1 b5 17. Ne5 Rxc1+ 18. Rxc1 Bxa3 19. Rc6 Nb4 20. h3 Nxc6
21. Nxc6 Qd5 22. Qc3 Bd6 23. Be5 f6 24. Bg3 Rf7 25. Nb4 Bxb4 26. Qxb4 Rd7 27.
Qa3 Qc6 28. Qa1 Qb6 29. Bf4 Qxd4 30. Qc1 Qd1+ 31. Kh2 Qxc1 32. Bxc1 a5 33. Be3
a4 34. bxa4 bxa4 35. Bc5 Rc7 36. Bd6 Rc3 37. Bb4 Rb3 38. Bc5 a3 39. f3 a2 40.
Bd4 e5 41. Ba1 Rb1 42. Bc3 0-1

[Event "Int. Stuttgarter Stadtmeisterschaft B"]
[Site "Ditzingen"]
[Date "2012.05.17"]
[Round "1.21"]
[White "Kim, Vladimir"]
[Black "Häfele, Torsten"]
[Result "1-0"]
[WhiteElo "1826"]
[BlackElo "1615"]
[PlyCount "79"]
[EventDate "2012.??.??"]
[WhiteTeam "SG Fasanenhof"]
[BlackTeam "SVG Vaihingen/Enz"]

1. e4 e6 2. d4 d5 3. e5 c5 4. Nf3 Nc6 5. Bb5 Nh6 6. c3 Qb6 7. Bxc6+ bxc6 8. Qc2
Ba6 9. h3 cxd4 10. Nxd4 Rc8 11. Bg5 Bc5 12. Nf3 Nf5 13. g4 Ne7 14. b4 Bxb4 15.
cxb4 Qxb4+ 16. Nbd2 Qa5 17. Rb1 c5 18. Kd1 c4 19. Bxe7 Kxe7 20. Nd4 Rc5 21. f4
Rhc8 22. f5 g6 23. fxe6 fxe6 24. Rf1 Bb5 25. Rxb5 Rxb5 26. Rf6 Rb6 27. h4 Rf8
28. g5 Qa3 29. h5 Rxf6 30. gxf6+ Kf7 31. N2f3 Qe3 32. hxg6+ hxg6 33. Qd2 Rb1+
34. Kc2 Qe4+ 35. Kc3 Qd3+ 36. Qxd3 cxd3 37. Ng5+ Kg8 38. f7+ Kf8 39. Ndxe6+ Ke7
40. f8=Q+ 1-0

[Event "Int. Stuttgarter Stadtmeisterschaft B"]
[Site "Ditzingen"]
[Date "2012.05.17"]
[Round "1.22"]
[White "Grüneschild, Hildegard"]
[Black "Rieder, Josef"]
[Result "1/2-1/2"]
[WhiteElo "1613"]
[BlackElo "1824"]
[PlyCount "63"]
[EventDate "2012.??.??"]
[WhiteTeam "Schach-Union München e.V."]
[BlackTeam "Stuttgarter SF 1879"]

1. c4 c5 2. Nc3 Nc6 3. e3 Nf6 4. Nf3 e5 5. d3 d5 6. cxd5 Nxd5 7. Be2 Be7 8. O-O
O-O 9. Ne4 h6 10. Bd2 b6 11. Rc1 Be6 12. a3 f5 13. Nc3 Nf6 14. Nh4 Bf7 15. Nxf5
Qd7 16. Nxe7+ Nxe7 17. Ne4 Be6 18. Nxf6+ Rxf6 19. Bc3 Rc8 20. Bxe5 Rff8 21. Bf3
Rcd8 22. Be4 Qb5 23. Qc2 c4 24. d4 Nf5 25. Bxf5 Rxf5 26. e4 Rxe5 27. dxe5 Qxe5
28. Rce1 b5 29. Re3 Bg4 30. f3 Qd4 31. Qf2 Bh5 32. Rfe1 1/2-1/2

[Event "Int. Stuttgarter Stadtmeisterschaft B"]
[Site "Ditzingen"]
[Date "2012.05.17"]
[Round "1.23"]
[White "Nusser, Jens"]
[Black "Awiszus, Thomas"]
[Result "1-0"]
[WhiteElo "1823"]
[BlackElo "1610"]
[PlyCount "47"]
[EventDate "2012.??.??"]
[WhiteTeam "SC Schachmatt Botnang"]
[BlackTeam "SK Schmiden/Cannstatt"]

1. d4 Nf6 2. c4 g6 3. Nc3 d5 4. cxd5 Nxd5 5. e4 Nxc3 6. bxc3 c5 7. Nf3 Bg7 8.
Rb1 Nc6 9. d5 Bxc3+ 10. Bd2 Bxd2+ 11. Qxd2 Nb8 12. Qc3 O-O 13. Qxc5 Nd7 14. Qb4
Nf6 15. Bd3 Ne8 16. O-O f6 17. Nd4 Nd6 18. Nb5 Rf7 19. Rfc1 Kg7 20. a4 a6 21.
Nc7 a5 22. Qb6 Bd7 23. Nxa8 Qxa8 24. Rc5 1-0

[Event "Int. Stuttgarter Stadtmeisterschaft B"]
[Site "Ditzingen"]
[Date "2012.05.17"]
[Round "1.24"]
[White "Wurm, Frank"]
[Black "Reichardt, Bernd"]
[Result "0-1"]
[WhiteElo "1603"]
[BlackElo "1816"]
[PlyCount "78"]
[EventDate "2012.??.??"]
[WhiteTeam "SF Simmersfeld"]
[BlackTeam "Schachfreunde Markgräflerland e."]

1. e4 e5 2. Nf3 Nf6 3. Nxe5 d6 4. Nf3 Nxe4 5. d3 Nc5 6. Nc3 Bf5 7. Be3 Nbd7 8.
d4 Ne4 9. Nxe4 Bxe4 10. Bd3 d5 11. c3 Be7 12. Bxe4 dxe4 13. Nd2 Nf6 14. O-O Qd5
15. c4 Qe6 16. Rc1 O-O 17. Qb3 Qb6 18. Qc2 Qe6 19. a3 Rfe8 20. Rfe1 Qg4 21. Nb3
b6 22. c5 Nd5 23. Bd2 Bf6 24. Qc4 Nf4 25. Bxf4 Qxf4 26. Re2 e3 27. Rf1 exf2+
28. Rfxf2 Qg4 29. Kf1 Rad8 30. Rd2 Bh4 31. Qxf7+ Kh8 32. g3 Qh3+ 33. Kg1 Bxg3
34. hxg3 Qxg3+ 35. Kf1 Qh3+ 36. Kg1 Re1+ 37. Rf1 Rxf1+ 38. Qxf1 Qxb3 39. Qf7
Qxf7 0-1

[Event "Int. Stuttgarter Stadtmeisterschaft B"]
[Site "Ditzingen"]
[Date "2012.05.17"]
[Round "1.25"]
[White "Grotheer, Olaf"]
[Black "Schmidt, Bernd"]
[Result "1/2-1/2"]
[WhiteElo "1815"]
[BlackElo "1601"]
[PlyCount "38"]
[EventDate "2012.??.??"]
[WhiteTeam "SG Fasanenhof"]
[BlackTeam "DJK Stuttgart-Süd"]

1. d4 d5 2. c4 Nf6 3. Nf3 c6 4. e3 Bf5 5. Nc3 dxc4 6. Bxc4 e6 7. Bd2 Bd6 8. O-O
O-O 9. Re1 Ne4 10. Rc1 Nd7 11. Qb3 Nb6 12. Be2 Qe7 13. Nxe4 Bxe4 14. Ba5 Nd5
15. Nd2 Nf6 16. Nxe4 Nxe4 17. Bd3 Bxh2+ 18. Kxh2 Qh4+ 19. Kg1 Qxf2+ 1/2-1/2

[Event "Int. Stuttgarter Stadtmeisterschaft B"]
[Site "Ditzingen"]
[Date "2012.05.17"]
[Round "1.26"]
[White "Mayer, Markus"]
[Black "Strauss, Martin"]
[Result "1/2-1/2"]
[WhiteElo "1599"]
[BlackElo "1811"]
[PlyCount "47"]
[EventDate "2012.??.??"]
[WhiteTeam "SC Erdmannhausen"]
[BlackTeam "SC Sillenbuch"]

1. d4 d5 2. c4 e6 3. Nc3 Nf6 4. Bg5 Nbd7 5. e3 c6 6. Nf3 Be7 7. Qc2 dxc4 8.
Bxc4 Nd5 9. Bxe7 Qxe7 10. O-O O-O 11. e4 Nxc3 12. bxc3 b5 13. Bd3 a6 14. e5 g6
15. a4 Bb7 16. Qe2 Nb6 17. a5 Nd5 18. c4 Nf4 19. Qe3 Nxd3 20. Qxd3 Rfd8 21.
Rfd1 Rd7 22. c5 Rad8 23. Rac1 Rd5 24. Rd2 1/2-1/2

[Event "Int. Stuttgarter Stadtmeisterschaft B"]
[Site "Ditzingen"]
[Date "2012.05.17"]
[Round "1.27"]
[White "Ruff, Robert"]
[Black "Cummings, Orlyn"]
[Result "1-0"]
[WhiteElo "1799"]
[BlackElo "1598"]
[PlyCount "71"]
[EventDate "2012.??.??"]
[WhiteTeam "SC Gross-Sachsenheim"]
[BlackTeam "SC Ingersheim e.V."]

1. d4 d5 2. c4 dxc4 3. e3 e5 4. Bxc4 exd4 5. exd4 Nf6 6. Nf3 Bb4+ 7. Nc3 O-O 8.
O-O Nc6 9. Bg5 Be7 10. Re1 Bg4 11. d5 Na5 12. Bf1 Bb4 13. Qd4 Bxc3 14. bxc3 c5
15. Qf4 Bxf3 16. Bxf6 Qxd5 17. Qg3 g6 18. gxf3 Rfe8 19. Qh4 Qxf3 20. Bg2 Qh5
21. Qxh5 gxh5 22. Bd5 h6 23. Kf1 Kh7 24. Rxe8 Rxe8 25. Re1 Rxe1+ 26. Kxe1 Kg6
27. Bd8 Nc6 28. Bc7 f5 29. Ke2 Kf6 30. Bf4 Kg6 31. h4 Kg7 32. Kd3 Na5 33. Bc7
b6 34. Bb8 a6 35. Bc7 c4+ 36. Kd4 1-0